[Event "Chinese League (Division A) 2019"]
[Site "China"]
[Date "2019.08.20"]
[Round "12"]
[White "Malakhov, Vladimir"]
[Black "Wang, Hao"]
[Result "1/2-1/2"]
[WhiteElo "2663"]
[BlackElo "2720"]
[PlyCount "60"]
[EventDate "2019.04.09"]
[WhiteTeam "Zhihui Sports chess team of Tianjin"]
[BlackTeam "Guangdong Shenzhen Longgang Chess team"]

1. Nf3 c5 2. c4 Nc6 3. d4 cxd4 4. Nxd4 Nf6 5. Nc3 e6 6. a3 Bc5 7. Nb3 Bb6 8.
Bf4 d5 9. e3 O-O 10. Be2 dxc4 11. Bxc4 Na5 12. Nxa5 Bxa5 13. b4 Bb6 14. O-O Bd7
15. Rc1 Rc8 16. Be2 Bc6 17. b5 Qxd1 18. Rfxd1 Bd5 19. Nxd5 Nxd5 20. Kf1 Nxf4
21. exf4 g6 22. g3 Rxc1 23. Rxc1 Rd8 24. Rd1 Rxd1+ 25. Bxd1 Bc5 26. a4 b6 27.
h4 h5 28. Bf3 f5 29. Bc6 Kf7 30. Ke2 Kf6 1/2-1/2

[Event "Chinese League (Division A) 2019"]
[Site "China"]
[Date "2019.08.20"]
[Round "12"]
[White "Harikrishna, Pentala"]
[Black "Wei, Yi"]
[Result "1-0"]
[WhiteElo "2738"]
[BlackElo "2727"]
[PlyCount "127"]
[EventDate "2019.04.09"]
[WhiteTeam "China Mobil Shanghai Chess Club"]
[BlackTeam "Jiangsu team"]

1. d4 d5 2. c4 dxc4 3. e4 e5 4. Nf3 exd4 5. Bxc4 Bb4+ 6. Bd2 Bxd2+ 7. Nbxd2 Nc6
8. O-O Qf6 9. b4 Nge7 10. b5 Nd8 11. Nb3 O-O 12. Qxd4 Qxd4 13. Nfxd4 a6 14. a4
b6 15. a5 axb5 16. Nxb5 Be6 17. Nxc7 Bxc4 18. Nxa8 Bxf1 19. Kxf1 bxa5 20. Nxa5
f5 21. exf5 Nxf5 22. Nb6 Ne6 23. Nc6 Ned4 24. Nxd4 Nxd4 25. Nd5 Rd8 26. Ne3 Nb3
27. Ra7 Nc5 28. h4 Rd7 29. Ra5 Ne4 30. f3 Nf6 31. g4 Rd2 32. h5 Kf7 33. Ke1 Rd7
34. Kf2 Rc7 35. Kg3 Rd7 36. Nc4 Ke7 37. Ra6 Rd8 38. Ne5 Rd6 39. Ra7+ Ke6 40. f4
Rd1 41. Kg2 Rd2+ 42. Kf3 Rd1 43. Ke2 Rd4 44. Ke3 Rd1 45. Rxg7 Nd5+ 46. Ke2 Ra1
47. Nd3 Ra2+ 48. Kf3 Ra3 49. f5+ Kf6 50. h6 Ne7 51. Ke2 Ra2+ 52. Ke3 Rh2 53.
Rxh7 Nxf5+ 54. gxf5 Kxf5 55. Nf4 Kg5 56. Ne6+ Kf6 57. Nf8 Rh4 58. Kf3 Rh3+ 59.
Kg4 Rh1 60. Rh8 Rg1+ 61. Kf3 Rh1 62. h7 Kf7 63. Ne6 Rxh7 64. Rxh7+ 1-0

[Event "Chinese League (Division A) 2019"]
[Site "China"]
[Date "2019.08.20"]
[Round "12"]
[White "Zou, Chen"]
[Black "Rapport, Richard"]
[Result "0-1"]
[WhiteElo "2462"]
[BlackElo "2747"]
[PlyCount "80"]
[EventDate "2019.04.09"]
[WhiteTeam "Hangzhou Hongda team"]
[BlackTeam "Chengdu Beilei Youth Chess Club"]

1. e4 c5 2. Nf3 e6 3. d4 cxd4 4. Nxd4 Nc6 5. Nc3 Qc7 6. Be3 a6 7. Qd2 b5 8.
O-O-O Nxd4 9. Bxd4 Bb7 10. f3 Nf6 11. g4 Be7 12. g5 Nh5 13. Ne2 Rc8 14. h4 O-O
15. Bh3 f5 16. gxf6 Bxf6 17. Bxf6 Nxf6 18. Nd4 Kh8 19. Rhg1 Rce8 20. Kb1 Re7
21. a3 Ng8 22. Qb4 Rc8 23. Qd2 Rf8 24. Qb4 Rc8 25. Qd2 Rf7 26. Qe2 Qb6 27. Rg5
Ne7 28. h5 Ng8 29. Qd2 Rc5 30. e5 h6 31. Rg6 Rxe5 32. f4 Rxh5 33. Bg4 Rh1 34.
Rxh1 Bxh1 35. f5 Be4 36. Bh5 Rf6 37. Rxf6 Nxf6 38. fxe6 dxe6 39. Bf7 e5 40. Ne6
Bd5 0-1

[Event "Chinese League (Division A) 2019"]
[Site "China"]
[Date "2019.08.20"]
[Round "12"]
[White "Yu, Yangyi"]
[Black "Lu, Shanglei"]
[Result "1-0"]
[WhiteElo "2752"]
[BlackElo "2610"]
[PlyCount "111"]
[EventDate "2019.04.09"]
[WhiteTeam "Beijing team"]
[BlackTeam "Zhejiang team"]

1. e4 c5 2. Nc3 Nc6 3. Nf3 g6 4. d4 cxd4 5. Nxd4 Bg7 6. Be3 d6 7. Qd2 Nf6 8.
Be2 Ng4 9. Bxg4 Bxg4 10. O-O O-O 11. Nd5 Rc8 12. c4 Bd7 13. b3 Bxd4 14. Bxd4 b5
15. cxb5 Nxd4 16. Qxd4 Bxb5 17. Qxa7 Ra8 18. Nxe7+ Kg7 19. Qd4+ f6 20. Nd5 Bxf1
21. Kxf1 Qb8 22. g3 Rf7 23. Kg2 Qa7 24. Qxa7 Rfxa7 25. a4 Kf7 26. Nb6 Rb8 27.
a5 Rxa5 28. Rxa5 Rxb6 29. Ra7+ Ke6 30. Rxh7 g5 31. h4 gxh4 32. Rxh4 Rxb3 33.
Rh5 Ra3 34. Rb5 Rd3 35. Ra5 Rb3 36. f3 Rd3 37. Kf2 Rc3 38. Ke2 Rb3 39. Rd5 Ra3
40. Rb5 Rc3 41. Ra5 Rb3 42. Rf5 Ra3 43. Kf2 Rd3 44. Rb5 Ra3 45. g4 Rd3 46. Kg3
Rc3 47. Kf4 Ra3 48. Rh5 Ra8 49. Rh6 Ra5 50. Kg3 Kf7 51. Rh7+ Ke6 52. f4 Ra3+
53. Kh4 Re3 54. Kh5 Rxe4 55. f5+ Kd5 56. Rf7 1-0

[Event "Chinese League (Division A) 2019"]
[Site "China"]
[Date "2019.08.21"]
[Round "13"]
[White "Liu, Guanchu"]
[Black "Harikrishna, Pentala"]
[Result "0-1"]
[WhiteElo "2449"]
[BlackElo "2738"]
[PlyCount "100"]
[EventDate "2019.04.09"]
[WhiteTeam "Chengdu Beilei Youth Chess Club"]
[BlackTeam "China Mobil Shanghai Chess Club"]

1. e4 c5 2. Nf3 e6 3. c3 d5 4. exd5 exd5 5. d4 Nc6 6. Be2 cxd4 7. cxd4 Bd6 8.
O-O Nge7 9. b3 O-O 10. Ba3 Ng6 11. g3 Bg4 12. Bxd6 Qxd6 13. Nc3 Rae8 14. Ne1
Bh3 15. Ng2 Qb4 16. Nxd5 Qxd4 17. Nde3 Rd8 18. Qxd4 Nxd4 19. Bh5 Ne5 20. f4
Nec6 21. Rad1 g6 22. Bf3 Nxf3+ 23. Rxf3 Nd4 24. Rf2 Rfe8 25. Re1 h5 26. Nc2
Rxe1+ 27. Ngxe1 Re8 28. Nf3 Ne2+ 29. Kh1 Nc1 30. Ng5 Bg4 31. Nd4 Re1+ 32. Kg2
Rd1 33. Ndf3 Bf5 34. Rd2 Rxd2+ 35. Nxd2 Nxa2 36. Nge4 Kf8 37. Nd6 Bd7 38. Kf2
b6 39. Ke3 Ke7 40. N6c4 Nb4 41. Ne5 Bf5 42. Kd4 f6 43. Nef3 Nc6+ 44. Kc3 Ke6
45. Nh4 Kd5 46. Nxf5 gxf5 47. b4 a5 48. bxa5 bxa5 49. Nc4 Kc5 50. Ne3 Ne7 0-1

[Event "Chinese League (Division A) 2019"]
[Site "China"]
[Date "2019.08.21"]
[Round "13"]
[White "Rapport, Richard"]
[Black "Ni, Hua"]
[Result "1/2-1/2"]
[WhiteElo "2747"]
[BlackElo "2668"]
[PlyCount "82"]
[EventDate "2019.04.09"]
[WhiteTeam "Chengdu Beilei Youth Chess Club"]
[BlackTeam "China Mobil Shanghai Chess Club"]

1. c4 e6 2. g3 d5 3. Bg2 Nf6 4. Nf3 d4 5. d3 Nc6 6. O-O Be7 7. e3 O-O 8. exd4
Nxd4 9. Nc3 Nxf3+ 10. Bxf3 Rb8 11. Bf4 a6 12. Qb3 Bd6 13. Be3 e5 14. c5 Be7 15.
Rad1 Be6 16. Qc2 Bf5 17. b4 c6 18. Rfe1 Qc7 19. Qe2 Rbd8 20. Bg5 a5 21. a3 axb4
22. axb4 Be6 23. Qxe5 Qxe5 24. Rxe5 Rd4 25. b5 Nd7 26. Re4 Bxc5 27. bxc6 bxc6
28. Rxd4 Bxd4 29. Ne2 c5 30. Nxd4 cxd4 31. Bf4 Rc8 32. Ra1 Nc5 33. Be2 h6 34.
Ra3 Nb3 35. h4 Bd5 36. h5 Rc3 37. Ra4 Nc1 38. Bf1 Bf3 39. Rxd4 Ne2+ 40. Bxe2
Bxe2 41. Rd5 Rxd3 1/2-1/2

[Event "Chinese League (Division A) 2019"]
[Site "China"]
[Date "2019.08.21"]
[Round "13"]
[White "Wei, Yi"]
[Black "Dai, Changren"]
[Result "1-0"]
[WhiteElo "2727"]
[BlackElo "2509"]
[PlyCount "99"]
[EventDate "2019.04.09"]
[WhiteTeam "Jiangsu team"]
[BlackTeam "Zhihui Sports chess team of Tianjin"]

1. c4 e6 2. Nc3 d5 3. d4 Be7 4. cxd5 exd5 5. Bf4 c6 6. Qc2 Nf6 7. e3 Nh5 8. Nf3
Nxf4 9. exf4 Qd6 10. g3 g6 11. Bd3 Na6 12. a3 Bh3 13. Ne5 Nc7 14. O-O-O Ne6 15.
Ne2 O-O 16. Rhe1 c5 17. dxc5 Nxc5 18. Nc3 Rac8 19. g4 Ne6 20. Bc4 Rxc4 21. Nxc4
Qxf4+ 22. Ne3 d4 23. Ncd5 Qd6 24. Kb1 Bg5 25. Qe4 Qc5 26. Nc2 Rd8 27. Ndb4 h5
28. Nd3 Qc6 29. gxh5 gxh5 30. Qxc6 bxc6 31. Rxe6 Bxe6 32. Rg1 f6 33. f4 Bf5 34.
Nce1 c5 35. b3 Rb8 36. Kc2 a5 37. a4 Rc8 38. fxg5 c4 39. bxc4 Rxc4+ 40. Kb2
Rxa4 41. gxf6+ Kf7 42. Rf1 Kxf6 43. Ng2 Kg5 44. h4+ Kg4 45. Rf4+ Kg3 46. Rxf5
Kxg2 47. Rxh5 Kg3 48. Rc5 Kxh4 49. Rc1 Rb4+ 50. Nxb4 1-0

[Event "Chinese League (Division A) 2019"]
[Site "China"]
[Date "2019.08.21"]
[Round "13"]
[White "Wang, Hao"]
[Black "Vallejo Pons, Francisco"]
[Result "1/2-1/2"]
[WhiteElo "2720"]
[BlackElo "2678"]
[PlyCount "60"]
[EventDate "2019.04.09"]
[WhiteTeam "Guangdong Shenzhen Longgang Chess team"]
[BlackTeam "Hangzhou Bank Team"]

1. c4 e5 2. Nc3 Nc6 3. g3 g6 4. Bg2 Bg7 5. e3 d6 6. Nge2 Nge7 7. d4 O-O 8. d5
Nb8 9. e4 Nd7 10. h4 Nf6 11. b3 Nh5 12. Bd2 f5 13. Nc1 a6 14. Nd3 Qe8 15. Rc1
Kh8 16. Bg5 Ng8 17. Bf3 Ngf6 18. Bxf6 Nxf6 19. h5 Bh6 20. Rc2 g5 21. exf5 Bxf5
22. Re2 g4 23. Bg2 Qf7 24. Ne4 Nxe4 25. Bxe4 Bd7 26. Kf1 a5 27. Kg2 b6 28. a4
Rg8 29. Ree1 Raf8 30. Qe2 Qf6 1/2-1/2

[Event "Chinese League (Division A) 2019"]
[Site "China"]
[Date "2019.08.21"]
[Round "13"]
[White "Peng, Xiongjian"]
[Black "Andreikin, Dmitry"]
[Result "0-1"]
[WhiteElo "2460"]
[BlackElo "2743"]
[PlyCount "108"]
[EventDate "2019.04.09"]
[WhiteTeam "Chongqing Jiulongpo Yucai Chess team"]
[BlackTeam "Chongqing Sports lottery chess team"]

1. d4 g6 2. Nf3 Bg7 3. g3 c5 4. d5 Nf6 5. c4 b5 6. Nc3 b4 7. Na4 d6 8. a3 Na6
9. Bg2 O-O 10. O-O Rb8 11. Re1 Bf5 12. Nh4 Bd7 13. Bd2 Ng4 14. Nf3 Qe8 15. axb4
cxb4 16. h3 Ne5 17. Nxe5 Bxe5 18. Bh6 Bxa4 19. Rxa4 Nc5 20. Rxa7 Bxb2 21. Bxf8
Qxf8 22. Qc2 Bf6 23. Rb1 b3 24. Qd2 Qc8 25. g4 b2 26. e3 h6 27. Bf3 Kg7 28. Kg2
Rb3 29. Qa5 Bc3 30. Qa2 Bf6 31. Qa5 Bc3 32. Qa2 Rb7 33. Qa3 Bf6 34. Ra8 Rb8 35.
Ra7 Qd8 36. Qa5 Qh8 37. Qd2 Qc8 38. Kh2 h5 39. Kg2 hxg4 40. Bxg4 Qd8 41. Qa5
Qh8 42. Qc7 Ne4 43. Qa5 Nc3 44. Rxe7 Qf8 45. Rxb2 Rxb2 46. Rd7 Ne4 47. Kf3 Qe8
48. Qe1 Rxf2+ 49. Qxf2 Nxf2 50. Kxf2 Bg5 51. Be6 Be7 52. c5 fxe6 53. dxe6 dxc5
54. Ke2 Kf6 0-1

[Event "Chinese League (Division A) 2019"]
[Site "China"]
[Date "2019.08.22"]
[Round "14"]
[White "Andreikin, Dmitry"]
[Black "Wang, Hao"]
[Result "1/2-1/2"]
[WhiteElo "2743"]
[BlackElo "2720"]
[PlyCount "44"]
[EventDate "2019.04.09"]
[WhiteTeam "Chongqing Sports lottery chess team"]
[BlackTeam "Guangdong Shenzhen Longgang Chess team"]

1. e4 e5 2. Nf3 Nf6 3. Nxe5 d6 4. Nf3 Nxe4 5. Nc3 Nxc3 6. dxc3 Be7 7. Be3 O-O
8. Qd2 Nd7 9. O-O-O c6 10. h4 d5 11. Bd3 Nc5 12. Ng5 h6 13. Rde1 hxg5 14. hxg5
Nxd3+ 15. Qxd3 f5 16. Qe2 Bxg5 17. Qh5 Bxe3+ 18. Rxe3 f4 19. Qh7+ Kf7 20. Qh5+
Kg8 21. Qh8+ Kf7 22. Qh5+ Kg8 1/2-1/2

[Event "Chinese League (Division A) 2019"]
[Site "China"]
[Date "2019.08.22"]
[Round "14"]
[White "Ma, Qun"]
[Black "Wei, Yi"]
[Result "1/2-1/2"]
[WhiteElo "2629"]
[BlackElo "2727"]
[PlyCount "80"]
[EventDate "2019.04.09"]
[WhiteTeam "Hangzhou Bank Team"]
[BlackTeam "Jiangsu team"]

1. d4 Nf6 2. c4 g6 3. Nf3 Bg7 4. g3 O-O 5. Bg2 c5 6. O-O cxd4 7. Nxd4 d5 8.
cxd5 Nxd5 9. Nb5 Be6 10. Bxd5 Bxd5 11. N1c3 Bxc3 12. Nxc3 Be6 13. Bh6 Re8 14.
Qxd8 Rxd8 15. Rfd1 Nc6 16. f3 f6 17. Kf2 Kf7 18. Be3 b6 19. Rac1 Rxd1 20. Nxd1
Rc8 21. Nc3 Nb4 22. a3 Nd5 23. Nxd5 Rxc1 24. Bxc1 Bxd5 25. e4 Bc4 26. Be3 e5
27. a4 Ke6 28. b4 a5 29. bxa5 bxa5 30. Bd2 f5 31. Bxa5 Bb3 32. Ke3 Bxa4 33. f4
fxe4 34. Kxe4 exf4 35. Kxf4 h6 36. h4 g5+ 37. hxg5 hxg5+ 38. Kxg5 Bd1 39. g4
Bxg4 40. Kxg4 Ke5 1/2-1/2

[Event "Chinese League (Division A) 2019"]
[Site "China"]
[Date "2019.08.22"]
[Round "14"]
[White "Chu, Wei Chao"]
[Black "Rapport, Richard"]
[Result "0-1"]
[WhiteElo "2406"]
[BlackElo "2747"]
[PlyCount "86"]
[EventDate "2019.04.09"]
[WhiteTeam "Zhihui Sports chess team of Tianjin"]
[BlackTeam "Chengdu Beilei Youth Chess Club"]

1. d4 e6 2. c4 Bb4+ 3. Bd2 a5 4. g3 d5 5. Bg2 dxc4 6. Nf3 Nc6 7. e3 Nge7 8. O-O
O-O 9. Qc2 b5 10. a4 Ba6 11. axb5 Bxb5 12. Rc1 Nd5 13. Na3 Bxa3 14. bxa3 Nb6
15. a4 Ba6 16. Ng5 Qxg5 17. Bxc6 Ra7 18. h4 Qh5 19. Qd1 Qxd1+ 20. Rxd1 Bc8 21.
Rdb1 Bd7 22. Bxd7 Nxd7 23. Rb5 Rfa8 24. Rc1 Nb6 25. Ra1 f5 26. Rc5 Kf7 27. Kf1
Ke8 28. Ke2 Kd7 29. f3 g6 30. Ra2 Ke8 31. Rc6 Kf7 32. Rc5 Rd8 33. Rxa5 Rxa5 34.
Bxa5 Ra8 35. Bxb6 cxb6 36. Kd2 b5 37. a5 b4 38. Ra4 Rb8 39. a6 c3+ 40. Kd3 Rc8
41. Kc2 b3+ 42. Kc1 b2+ 43. Kc2 Rb8 0-1

[Event "Chinese League (Division A) 2019"]
[Site "China"]
[Date "2019.08.22"]
[Round "14"]
[White "Harikrishna, Pentala"]
[Black "Xu, Minghui"]
[Result "1-0"]
[WhiteElo "2738"]
[BlackElo "2399"]
[PlyCount "69"]
[EventDate "2019.04.09"]
[WhiteTeam "China Mobil Shanghai Chess Club"]
[BlackTeam "Zhejiang team"]

1. e4 e5 2. Nf3 Nc6 3. Bb5 a6 4. Ba4 Nf6 5. O-O Be7 6. Re1 b5 7. Bb3 d6 8. c3
O-O 9. h3 Bb7 10. d4 Re8 11. Nbd2 Bf8 12. d5 Na5 13. Bc2 c6 14. b4 Nc4 15. Nxc4
bxc4 16. dxc6 Bxc6 17. Bg5 a5 18. a3 h6 19. Bxf6 Qxf6 20. Qe2 Qe6 21. Nd2 d5
22. exd5 Bxd5 23. Be4 Bxe4 24. Qxe4 Rac8 25. Nf3 Bd6 26. Rad1 Bb8 27. Qd5 Qxd5
28. Rxd5 axb4 29. axb4 Red8 30. Red1 Re8 31. b5 e4 32. Nd4 Be5 33. b6 Bxd4 34.
R1xd4 Re7 35. Rd7 1-0

[Event "Chinese League (Division A) 2019"]
[Site "China"]
[Date "2019.08.23"]
[Round "15"]
[White "Yu, Yangyi"]
[Black "Harikrishna, Pentala"]
[Result "1/2-1/2"]
[WhiteElo "2752"]
[BlackElo "2738"]
[PlyCount "60"]
[EventDate "2019.04.09"]
[WhiteTeam "Beijing team"]
[BlackTeam "China Mobil Shanghai Chess Club"]

1. d4 Nf6 2. c4 e6 3. Nc3 Bb4 4. Nf3 d5 5. Qb3 c5 6. dxc5 Na6 7. cxd5 Qa5 8.
Bd2 Nxc5 9. Qc2 Nxd5 10. a3 Nd7 11. Nxd5 Bxd2+ 12. Qxd2 Qxd5 13. Qxd5 exd5 14.
Rc1 Nb6 15. e3 Bd7 16. Bd3 Ke7 17. Kd2 Rac8 18. b3 Rxc1 19. Rxc1 Rc8 20. Rb1
Be6 21. Nd4 Nd7 22. h4 h6 23. f3 Ne5 24. Bb5 Bd7 25. Bxd7 Kxd7 26. h5 Nc6 27.
Nf5 Ne7 28. Nd4 Nc6 29. Nf5 Ne7 30. Nd4 Nc6 1/2-1/2

[Event "Chinese League (Division A) 2019"]
[Site "China"]
[Date "2019.08.23"]
[Round "15"]
[White "Rapport, Richard"]
[Black "Ma, Qun"]
[Result "1-0"]
[WhiteElo "2747"]
[BlackElo "2629"]
[PlyCount "117"]
[EventDate "2019.04.09"]
[WhiteTeam "Chengdu Beilei Youth Chess Club"]
[BlackTeam "Hangzhou Bank Team"]

1. d4 d5 2. Nc3 Nf6 3. Bf4 c5 4. e3 a6 5. dxc5 e6 6. Na4 Bxc5 7. Nxc5 Qa5+ 8.
c3 Qxc5 9. Nf3 Nc6 10. Bd3 Qe7 11. Ne5 O-O 12. O-O Bd7 13. Nxd7 Qxd7 14. Bg5
Ne5 15. Bc2 Ng6 16. h4 Ne7 17. e4 Qc7 18. Bxf6 gxf6 19. Qf3 Kg7 20. Rad1 Rad8
21. exd5 Rxd5 22. Rxd5 Nxd5 23. Rd1 Ne7 24. Qe4 f5 25. Qd4+ Kh6 26. Rd3 Rg8 27.
Qf6+ Ng6 28. Qg5+ Kg7 29. h5 f6 30. Qg3 f4 31. Qf3 Nf8 32. Rd4 e5 33. Rb4 b5
34. Bb3 Rh8 35. Qa8 Qd6 36. Re4 Ng6 37. Qa7+ Qe7 38. Qxa6 Nh4 39. Qxb5 Kh6 40.
Qd3 Rd8 41. Qh3 f5 42. Re1 Rd2 43. Rd1 Rxb2 44. c4 e4 45. Qc3 Qg5 46. Rd6+ Kxh5
47. Bd1+ f3 48. g3 Rb1 49. Qh8 h6 50. Kh2 Ng6 51. Qg7 Rc1 52. c5 Rxc5 53. Rxg6
Qxg6 54. Qe7 Qb6 55. Bb3 Rc4 56. Qf7+ Kg5 57. Qg7+ Kh5 58. Kh3 e3 59. Bxc4 1-0

[Event "Chinese League (Division A) 2019"]
[Site "China"]
[Date "2019.08.23"]
[Round "15"]
[White "Wei, Yi"]
[Black "Andreikin, Dmitry"]
[Result "1/2-1/2"]
[WhiteElo "2727"]
[BlackElo "2743"]
[PlyCount "60"]
[EventDate "2019.04.09"]
[WhiteTeam "Jiangsu team"]
[BlackTeam "Chongqing Sports lottery chess team"]

1. e4 e5 2. Nf3 Nc6 3. Bb5 Nf6 4. O-O Nxe4 5. Re1 Nd6 6. Nxe5 Be7 7. Bf1 Nf5 8.
Nf3 O-O 9. d4 d5 10. c3 Re8 11. a4 Bd6 12. Na3 Rxe1 13. Nxe1 Nb8 14. Bd3 c6 15.
g3 g6 16. Ng2 Ng7 17. Bf4 Bf5 18. Nc2 Bxd3 19. Qxd3 Ne6 20. Bxd6 Qxd6 21. a5
Nd7 22. Re1 Re8 23. b4 Nc7 24. Rxe8+ Nxe8 25. Qe3 Nc7 26. Nf4 b6 27. axb6 axb6
28. Ne1 Nf8 29. Nf3 f6 30. h4 Nce6 1/2-1/2

[Event "Chinese League (Division A) 2019"]
[Site "China"]
[Date "2019.08.23"]
[Round "15"]
[White "Wang, Hao"]
[Black "Naiditsch, Arkadij"]
[Result "1-0"]
[WhiteElo "2720"]
[BlackElo "2675"]
[PlyCount "95"]
[EventDate "2019.04.09"]
[WhiteTeam "Guangdong Shenzhen Longgang Chess team"]
[BlackTeam "Chongqing Jiulongpo Yucai Chess team"]

1. Nf3 d5 2. g3 Nf6 3. Bg2 c5 4. O-O Nc6 5. d4 e6 6. c4 dxc4 7. dxc5 Qxd1 8.
Rxd1 Bxc5 9. Nbd2 c3 10. bxc3 O-O 11. Nb3 Be7 12. Nfd4 Nxd4 13. cxd4 Nd5 14.
Na5 Bb4 15. Nc4 Bd7 16. Rb1 Rfc8 17. Bxd5 exd5 18. Ne3 Bd6 19. Rxb7 Ba4 20. Re1
Bc6 21. Rb3 Rab8 22. Bd2 Rxb3 23. axb3 Bb7 24. Ra1 a6 25. Kf1 f6 26. Ke1 Kf7
27. Kd1 Ke6 28. Nc2 h5 29. Ne1 h4 30. Nd3 hxg3 31. hxg3 Rh8 32. Kc2 Rh2 33. Bf4
Be7 34. Kd2 g5 35. Be3 Bd6 36. Nc5+ Bxc5 37. dxc5 Kd7 38. Ra4 Rh1 39. Bd4 f5
40. Rb4 Bc6 41. Rb6 Rb1 42. Kc2 Re1 43. Rxa6 Rxe2+ 44. Kc3 Re1 45. Ra7+ Ke6 46.
Rg7 g4 47. Rg6+ Kd7 48. Rf6 1-0

[Event "Sinquefield Cup 2019"]
[Site "Saint Louis USA"]
[Date "2019.08.20"]
[Round "4"]
[White "Mamedyarov, Shakhriyar"]
[Black "Carlsen, Magnus"]
[Result "1/2-1/2"]
[WhiteElo "2764"]
[BlackElo "2882"]
[PlyCount "135"]
[EventDate "2019.08.17"]

1. d4 d5 2. c4 c6 3. Nc3 Nf6 4. e3 e6 5. Nf3 Nbd7 6. Qc2 Bd6 7. Bd3 dxc4 8.
Bxc4 b5 9. Be2 O-O 10. O-O a6 11. Rd1 Qc7 12. e4 e5 13. g3 Re8 14. a3 exd4 15.
Nxd4 Be5 16. Bf3 c5 17. Nde2 Bb7 18. Be3 c4 19. b4 cxb3 20. Qxb3 Nc5 21. Bxc5
Qxc5 22. Rac1 Qb6 23. Na4 Qa7 24. Nc5 Rac8 25. Nd7 Rxc1 26. Nxc1 h6 27. Nxf6+
Bxf6 28. Rd7 Re7 29. Rd8+ Kh7 30. Qd3 Be5 31. Rh8+ Kxh8 32. Qd8+ Kh7 33. Qxe7
Bd4 34. Qxf7 Bxf2+ 35. Kg2 Bc8 36. Qa2 Bb6 37. e5 Bf5 38. g4 Bg6 39. Ne2 Qc7
40. Nf4 Qc2+ 41. Qxc2 Bxc2 42. Nd5 Bc5 43. Nb4 Bb3 44. Nxa6 Bxa3 45. Nc7 Bc4
46. e6 Bd6 47. Bc6 b4 48. Nd5 Kg6 49. e7 Bxd5+ 50. Bxd5 Bxe7 51. Kf3 Kf6 52.
Ke4 Kg5 53. Kf3 Kh4 54. Be6 Bg5 55. Kg2 Bf4 56. h3 Kg5 57. Kf3 Kf6 58. Bg8 Ke5
59. h4 g5 60. hxg5 hxg5 61. Ke2 Kd4 62. Kd1 Kc3 63. Bf7 b3 64. Be6 Be3 65. Bf7
Bf4 66. Be6 Be3 67. Bf7 Bf4 68. Be6 1/2-1/2

[Event "Sinquefield Cup 2019"]
[Site "Saint Louis USA"]
[Date "2019.08.20"]
[Round "4"]
[White "Caruana, Fabiano"]
[Black "Aronian, Levon"]
[Result "1-0"]
[WhiteElo "2818"]
[BlackElo "2765"]
[PlyCount "105"]
[EventDate "2019.08.17"]

1. e4 e5 2. Nf3 Nc6 3. Bb5 Nf6 4. d3 Bc5 5. c3 O-O 6. O-O Re8 7. d4 Bb6 8. d5
Ne7 9. Nxe5 Nxe4 10. Qf3 Nf6 11. d6 cxd6 12. Nc4 d5 13. Nd6 Rf8 14. Bg5 Ne4 15.
Nxe4 dxe4 16. Qxe4 f6 17. Be3 d5 18. Qf3 Ng6 19. Na3 Bc7 20. Rad1 Ne5 21. Qe2
a6 22. Ba4 Bg4 23. f3 Be6 24. Bb3 Re8 25. f4 Nc6 26. Qf3 Bb6 27. Nc2 Na5 28.
Bxd5 Bxd5 29. Rxd5 Bxe3+ 30. Nxe3 Qb6 31. Rd3 Nc4 32. Qd5+ Kf8 33. Qxc4 Rxe3
34. Rxe3 Qxe3+ 35. Kh1 Rd8 36. h3 b5 37. Qc6 Qe2 38. Rf3 Qxb2 39. Qxa6 h5 40.
Kh2 h4 41. Qa7 Kg8 42. Qe7 Qd2 43. Re3 Qd6 44. Qe4 Qd5 45. Qb4 Rc8 46. a4 Qc5
47. Re8+ Kh7 48. Rxc8 Qxc8 49. axb5 Qf5 50. b6 Qd3 51. c4 Qg3+ 52. Kh1 Qd3 53.
c5 1-0

[Event "Sinquefield Cup 2019"]
[Site "Saint Louis USA"]
[Date "2019.08.20"]
[Round "4"]
[White "Nakamura, Hikaru"]
[Black "Ding, Liren"]
[Result "1/2-1/2"]
[WhiteElo "2743"]
[BlackElo "2805"]
[PlyCount "94"]
[EventDate "2019.08.17"]

1. e4 e5 2. Nf3 Nc6 3. Bb5 a6 4. Ba4 Nf6 5. O-O Be7 6. Re1 b5 7. Bb3 O-O 8. h3
Bb7 9. d3 d6 10. a3 Qd7 11. Nc3 Rfe8 12. Nd5 Nxd5 13. exd5 Na7 14. d4 exd4 15.
Qxd4 c5 16. dxc6 Nxc6 17. Qd3 Bf6 18. Bd2 Ne5 19. Rxe5 Rxe5 20. Nxe5 Bxe5 21.
c3 Qc6 22. f3 d5 23. Re1 Bc7 24. Bc2 g6 25. Bh6 Re8 26. Rxe8+ Qxe8 27. Qe3
Qxe3+ 28. Bxe3 f5 29. f4 Kf7 30. g3 Ke6 31. Kf2 h5 32. h4 Bc6 33. Ba7 Bd8 34.
Ke3 Bf6 35. Bb6 Kd6 36. Kd2 Bd7 37. Kd3 Bc6 38. Bd1 Bd7 39. Bf3 Bc6 40. Kc2 d4
41. Bxc6 Kxc6 42. Bxd4 Be7 43. Kd3 Kd5 44. Be3 Bd6 45. Bd4 Be7 46. Be3 Bd6 47.
Bd4 Be7 1/2-1/2

[Event "Sinquefield Cup 2019"]
[Site "Saint Louis USA"]
[Date "2019.08.20"]
[Round "4"]
[White "Giri, Anish"]
[Black "Vachier-Lagrave, Maxime"]
[Result "1/2-1/2"]
[WhiteElo "2779"]
[BlackElo "2778"]
[PlyCount "89"]
[EventDate "2019.08.17"]

1. d4 Nf6 2. c4 g6 3. Nc3 d5 4. cxd5 Nxd5 5. e4 Nxc3 6. bxc3 Bg7 7. Bc4 c5 8.
Ne2 Nc6 9. Be3 O-O 10. O-O b6 11. Rc1 Bb7 12. Bb5 Rc8 13. Qd2 Na5 14. d5 e6 15.
c4 a6 16. Ba4 exd5 17. exd5 Nxc4 18. Rxc4 b5 19. Bxb5 axb5 20. Rxc5 Qd7 21.
Rxc8 Rxc8 22. Rd1 Rd8 23. Qb4 Rc8 24. Qb3 Rd8 25. Nc3 Bxc3 26. Qxc3 Qc6 27.
Qxc6 Bxc6 28. d6 f6 29. h4 Bd7 30. a3 Re8 31. Bc5 Re4 32. Bb4 Rxh4 33. Re1 Rd4
34. Re7 Bf5 35. Re8+ Kf7 36. Re7+ Kg8 37. f3 h5 38. Rb7 Rd5 39. g3 g5 40. Kf2
Be6 41. Re7 Bf5 42. Rb7 Be6 43. Re7 Bf5 44. Ra7 Be6 45. Re7 1/2-1/2

[Event "Sinquefield Cup 2019"]
[Site "Saint Louis USA"]
[Date "2019.08.20"]
[Round "4"]
[White "Karjakin, Sergey"]
[Black "Nepomniachtchi, Ian"]
[Result "1/2-1/2"]
[WhiteElo "2750"]
[BlackElo "2774"]
[PlyCount "41"]
[EventDate "2019.08.17"]

1. d4 Nf6 2. c4 g6 3. g3 c6 4. Bg2 d5 5. Nf3 Bg7 6. Qb3 O-O 7. Nc3 Qb6 8. O-O
Rd8 9. Bd2 dxc4 10. Qxc4 Be6 11. Qa4 Bf5 12. Rfd1 a5 13. Nh4 Bd7 14. Qc2 Qxd4
15. Nf3 Qb6 16. Be3 Qc7 17. Nb5 Qc8 18. Na7 Qc7 19. Nb5 Qc8 20. Na7 Qc7 21. Nb5
1/2-1/2

[Event "Sinquefield Cup 2019"]
[Site "Saint Louis USA"]
[Date "2019.08.21"]
[Round "5"]
[White "So, Wesley"]
[Black "Caruana, Fabiano"]
[Result "1/2-1/2"]
[WhiteElo "2776"]
[BlackElo "2818"]
[PlyCount "72"]
[EventDate "2019.08.17"]

1. c4 e5 2. g3 Nf6 3. Bg2 c6 4. Nf3 e4 5. Nd4 Qb6 6. Nb3 a5 7. d3 a4 8. N3d2
Bc5 9. O-O e3 10. fxe3 Bxe3+ 11. Kh1 Ng4 12. Ne4 O-O 13. Nbc3 d5 14. cxd5 Bxc1
15. Qxc1 Ne3 16. Rf3 Nxg2 17. Kxg2 Qd8 18. Qg5 f6 19. Nxf6+ Rxf6 20. Ne4 Nd7
21. Raf1 Kh8 22. Nxf6 Nxf6 23. e4 Bd7 24. Rxf6 gxf6 25. Rxf6 Qe7 26. Qf4 Kg8
27. d6 Qg7 28. e5 Re8 29. Qc4+ Kh8 30. Rf7 Qxe5 31. Rxd7 Qe2+ 32. Kh3 Qf1+ 33.
Kh4 Qf6+ 34. Kh3 Qf1+ 35. Kh4 Qf6+ 36. Kh3 Qf1+ 1/2-1/2

[Event "Sinquefield Cup 2019"]
[Site "Saint Louis USA"]
[Date "2019.08.21"]
[Round "5"]
[White "Vachier-Lagrave, Maxime"]
[Black "Anand, Viswanathan"]
[Result "1/2-1/2"]
[WhiteElo "2778"]
[BlackElo "2756"]
[PlyCount "49"]
[EventDate "2019.08.17"]

1. e4 e5 2. Nf3 Nc6 3. Bc4 Bc5 4. c3 Nf6 5. d3 d6 6. O-O a6 7. a4 h6 8. Re1 a5
9. d4 Ba7 10. h3 g5 11. dxe5 Nxe5 12. Nxe5 dxe5 13. Qxd8+ Kxd8 14. Bxf7 g4 15.
hxg4 Nxg4 16. Be3 Bxe3 17. fxe3 h5 18. Bc4 h4 19. Nd2 h3 20. gxh3 Rxh3 21. Rf1
Rg3+ 22. Kh1 Rh3+ 23. Kg1 Rg3+ 24. Kh1 Rh3+ 25. Kg1 1/2-1/2